The art of prayer : (Record no. 587)

MARC details
000 -LEADER
fixed length control field 00808pam a2200265 a 4500
005 - DATE AND TIME OF LATEST TRANSACTION
control field 20260322212026.0
008 - FIXED-LENGTH DATA ELEMENTS--GENERAL INFORMATION
fixed length control field data
010 ## - LIBRARY OF CONGRESS CONTROL NUMBER
LC control number 96048003
020 ## - INTERNATIONAL STANDARD BOOK NUMBER
International Standard Book Number 0345400410
020 ## - INTERNATIONAL STANDARD BOOK NUMBER
International Standard Book Number 9780345400413
040 ## - CATALOGING SOURCE
Original cataloging agency DLC
Transcribing agency DLC
Modifying agency DLC
050 00 - LIBRARY OF CONGRESS CALL NUMBER
Classification number BV215
Item number .J67 1997
082 00 - DEWEY DECIMAL CLASSIFICATION NUMBER
Classification number 248.3/2
Edition information 21
092 ## - LOCALLY ASSIGNED DEWEY CALL NUMBER (OCLC)
Classification number 248.3 J67 1997
001 - CONTROL NUMBER
control field data
100 1# - MAIN ENTRY--PERSONAL NAME
Personal name Jones, Timothy K.,
Dates associated with a name 1955-
245 14 - TITLE STATEMENT
Title The art of prayer :
Remainder of title a simple guide /
Statement of responsibility, etc. Timothy K. Jones.
250 ## - EDITION STATEMENT
Edition statement 1st ed.
260 ## - PUBLICATION, DISTRIBUTION, ETC.
Place of publication, distribution, etc. New York :
Name of publisher, distributor, etc. Ballantine Books,
Date of publication, distribution, etc. 1997.
300 ## - PHYSICAL DESCRIPTION
Extent ix, 256 p. ;
Dimensions 21 cm.
504 ## - BIBLIOGRAPHY, ETC. NOTE
Bibliography, etc. note Includes bibliographical references (p. 237-248) and index.
600 10 - SUBJECT ADDED ENTRY--PERSONAL NAME
Personal name Jones, Timothy K.,
Dates associated with a name 1955-
650 #0 - SUBJECT ADDED ENTRY--TOPICAL TERM
Topical term or geographic name entry element Prayer
General subdivision Christianity.
856 42 - ELECTRONIC LOCATION AND ACCESS
Materials specified Publisher description
Uniform Resource Identifier <a href="http://www.loc.gov/catdir/description/random046/96048003.html">http://www.loc.gov/catdir/description/random046/96048003.html</a>
Holdings
Withdrawn status Lost status Damaged status Not for loan Home library Current library Shelving location Date acquired Total checkouts Full call number Barcode Date last seen Price effective from Koha item type
        Institut Protestant de Théologie Institut Protestant de Théologie General stacks 22/03/2026   248.3/2 21 BC0010602 22/03/2026 22/03/2026 Books